| 000 | 00511nam a2200169 i 4500 | ||
|---|---|---|---|
| 001 | 69677 | ||
| 003 | ES-MaACL | ||
| 005 | 20251005063046.0 | ||
| 007 | t| | ||
| 008 | 040709s1957 sp ||||1| spa d | ||
| 100 | 1 |
_aGarcía-Gallo, Alfonso, _d1911-1992 _954644 |
|
| 245 | 1 | 3 |
_aLa evolución general del derecho español / _cAlfonso García-Gallo. |
| 260 |
_aMadrid : _b[s.n., _c1957] ( _fA.G.E.S.A.) |
||
| 300 |
_a101 p. ; _c22 cm. |
||
| 852 |
_aES-MaACL _j1999-F-9 _bR.41414 |
||
| 999 |
_c69677 _d69677 |
||